[Event "19. Sahovski festival "]
[Site "Senta"]
[Date "2015.07.12"]
[Round "3.21"]
[White "Vucelic, Rade"]
[Black "Csikos, Mihaly"]
[Result "0-1"]
[WhiteElo "1909"]
[BlackElo "2064"]
[PlyCount "74"]
[EventDate "2015.07.11"]

1. e4 e5 2. Nf3 Nf6 3. Nc3 Nc6 4. d4 exd4 5. Nxd4 Bb4 6. Nxc6 bxc6 7. f3 O-O 8.
Be2 d5 9. a3 Bxc3+ 10. bxc3 dxe4 11. Bg5 Bf5 12. O-O Qxd1 13. Rfxd1 Nd5 14. c4
Nc3 15. Re1 Rfe8 16. Bd2 Nxe2+ 17. Rxe2 exf3 18. Rxe8+ Rxe8 19. gxf3 Re2 20.
Re1 Rxe1+ 21. Bxe1 Bxc2 22. Bg3 Kf8 23. Bxc7 Ke7 24. c5 Ke6 25. Kf2 Kd5 26. Ke3
Kc4 27. Be5 f6 28. Bb2 a6 29. h4 Kxc5 30. h5 h6 31. Bc3 Kd5 32. Kf4 c5 33. Ba5
Kc4 34. Bd2 Kd3 35. Be3 c4 36. Bc5 c3 37. Bf8 Bb3 0-1

[Event "19. Sahovski festival "]
[Site "Senta"]
[Date "2015.07.12"]
[Round "3.22"]
[White "Szeles, Ambrus"]
[Black "Bernath, Robert"]
[Result "1/2-1/2"]
[WhiteElo "1850"]
[BlackElo "2049"]
[PlyCount "89"]
[EventDate "2015.07.11"]

1. e4 c5 2. Nc3 Nc6 3. d3 d6 4. f4 g6 5. Nce2 Bg7 6. c3 Nf6 7. Ng3 e6 8. Be2
O-O 9. Nf3 d5 10. e5 Nd7 11. O-O f6 12. exf6 Nxf6 13. Ne5 Nxe5 14. fxe5 Nd7 15.
Rxf8+ Qxf8 16. d4 Nb8 17. Be3 Nc6 18. Qd2 Bd7 19. Rf1 Qd8 20. Bg4 cxd4 21. cxd4
Qb6 22. Ne2 Ne7 23. Nc3 Nf5 24. Bxf5 gxf5 25. g3 Kh8 26. Rf2 Be8 27. Kg2 Bg6
28. Na4 Qc6 29. Nc5 b6 30. Nd3 Re8 31. h3 Rg8 32. Kh2 Rc8 33. Nf4 Qe8 34. Qe2
Rc4 35. Qd2 Qe7 36. Rg2 Bf7 37. Ne2 Bh5 38. Bg5 Qf8 39. Rf2 Bxe2 40. Rxe2 Qb4
41. Qxb4 Rxb4 42. Be3 Rc4 43. Kg2 Bf8 44. g4 fxg4 45. hxg4 1/2-1/2

[Event "19. Sahovski festival "]
[Site "Senta"]
[Date "2015.07.12"]
[Round "3.24"]
[White "Lovas, Miklos"]
[Black "Farkas, Sandor I"]
[Result "1-0"]
[WhiteElo "2029"]
[BlackElo "1863"]
[PlyCount "83"]
[EventDate "2015.07.11"]

1. e4 c5 2. Nf3 d6 3. d4 cxd4 4. Nxd4 Nf6 5. Nc3 a6 6. Be2 e5 7. Nb3 Be6 8. O-O
Nbd7 9. f4 Rc8 10. Be3 Be7 11. Qe1 O-O 12. Qg3 Kh8 13. Kh1 b5 14. a3 Rxc3 15.
bxc3 Nxe4 16. Qe1 Qc7 17. Bd3 Nxc3 18. Bd2 Rc8 19. Rf3 Nf6 20. Bxh7 Nxh7 21.
Rxc3 Qb8 22. fxe5 dxe5 23. Rxc8+ Qxc8 24. Bc3 f6 25. Bb4 Qxc2 26. Nd4 Bxb4 27.
Nxc2 Bxe1 28. Rxe1 Ng5 29. Nb4 a5 30. Nc6 a4 31. Nxe5 Bb3 32. Nc6 Ne6 33. Na7
b4 34. axb4 a3 35. Ra1 a2 36. Nc6 Bd5 37. b5 Nc7 38. Nb4 Bb7 39. b6 Na8 40.
Nxa2 Nxb6 41. Rb1 Bd5 42. Nc3 1-0

[Event "19. Sahovski festival "]
[Site "Senta"]
[Date "2015.07.12"]
[Round "3.28"]
[White "Nestorovic, Irena"]
[Black "Grbin, Stefan"]
[Result "1-0"]
[WhiteElo "2019"]
[BlackElo "1779"]
[PlyCount "63"]
[EventDate "2015.07.11"]

1. d4 Nf6 2. c4 g6 3. Nc3 Bg7 4. e4 d6 5. Be2 O-O 6. Nf3 e5 7. O-O exd4 8. Nxd4
h6 9. Re1 Re8 10. Bf1 Na6 11. f3 Nc5 12. Be3 Kh7 13. Qd2 Ne6 14. Rad1 Bd7 15.
Nde2 Bc6 16. b4 a6 17. a4 Qe7 18. a5 Nh5 19. g4 Nf6 20. Nd5 Bxd5 21. cxd5 Nf8
22. Bg2 N8d7 23. Rc1 Ne5 24. h3 Rac8 25. Bf2 Rg8 26. Nd4 Ne8 27. Bg3 Qf6 28. f4
Nd7 29. e5 dxe5 30. fxe5 Qe7 31. e6 fxe6 32. Nxe6 1-0

[Event "19. Sahovski festival "]
[Site "Senta"]
[Date "2015.07.12"]
[Round "3.30"]
[White "Sarnyai, Daniel"]
[Black "Csomos, Janos"]
[Result "1-0"]
[WhiteElo "2007"]
[BlackElo "1753"]
[PlyCount "71"]
[EventDate "2015.07.11"]

1. c4 e5 2. Nc3 f5 3. g3 Nf6 4. Bg2 g6 5. d3 Bg7 6. e4 fxe4 7. dxe4 d6 8. Bg5
O-O 9. h3 h6 10. Be3 Kh7 11. Nge2 c5 12. O-O Nc6 13. Nd5 Be6 14. Kh2 Nd4 15. f4
Qd7 16. Nec3 Rae8 17. Qd2 h5 18. fxe5 dxe5 19. Bg5 Ng8 20. Qd3 Rxf1 21. Rxf1
Rf8 22. Rxf8 Bxf8 23. Bf6 Bg7 24. Bxg7 Kxg7 25. Qe3 Qf7 26. Nd1 Ne7 27. Qg5
Nec6 28. Qe3 b6 29. a3 Nc2 30. Qd2 N2d4 31. Qd3 g5 32. Qe3 Kg6 33. h4 gxh4 34.
gxh4 Bg4 35. Qg5+ Kh7 36. Nf6+ 1-0

[Event "19. Sahovski festival "]
[Site "Senta"]
[Date "2015.07.12"]
[Round "3.33"]
[White "Petrovic, Aleksa"]
[Black "Solymosi, Andras"]
[Result "0-1"]
[WhiteElo "1674"]
[BlackElo "1965"]
[PlyCount "58"]
[EventDate "2015.07.11"]

1. d4 Nf6 2. Nf3 e6 3. Bf4 c5 4. e3 Nc6 5. Bd3 cxd4 6. Nxd4 Nxd4 7. exd4 Qb6 8.
c3 Qxb2 9. Nd2 Qxc3 10. Be2 Qxd4 11. Be3 Qe5 12. O-O Be7 13. Nf3 Qd6 14. Qc1
O-O 15. Qb2 Qb8 16. Rac1 d5 17. Bd4 Ne8 18. Bd3 b5 19. Ne5 Qb7 20. Nc6 Bf6 21.
Bxf6 Nxf6 22. Qb4 Re8 23. Rc3 Bd7 24. Ne7+ Kh8 25. Rfc1 a5 26. Qd6 Ra6 27. Nc6
Rc8 28. h3 Raxc6 29. Rxc6 Bxc6 0-1

[Event "19. Sahovski festival "]
[Site "Senta"]
[Date "2015.07.12"]
[Round "3.37"]
[White "Mrzic, Branko"]
[Black "Vilagos, Emil"]
[Result "1-0"]
[WhiteElo "1877"]
[BlackElo "1693"]
[PlyCount "81"]
[EventDate "2015.07.11"]

1. d4 Nf6 2. Bg5 d5 3. Nd2 Bf5 4. Ngf3 e6 5. e3 Be7 6. h3 h6 7. Bf4 Bd6 8. Ne5
Nbd7 9. Ndf3 O-O 10. Bd3 Ne4 11. g4 Bh7 12. h4 Bxe5 13. Nxe5 Nxe5 14. dxe5 f5
15. g5 hxg5 16. hxg5 Bg6 17. Qf3 c6 18. c3 Qa5 19. Qe2 Nc5 20. Bc2 Qb6 21.
O-O-O a5 22. Kb1 a4 23. a3 Nb3 24. f3 Na5 25. Bd3 c5 26. Bg3 Nc6 27. f4 c4 28.
Bc2 Ra5 29. Ka1 Rfa8 30. Bf2 Qc7 31. e4 fxe4 32. Qg4 Qf7 33. Be3 Qf5 34. Qg3
Re8 35. Rdg1 Raa8 36. Bd1 Ne7 37. Bg4 Qf8 38. Bxe6+ Bf7 39. Bd7 Red8 40. Qh3
Bg6 41. Qh8+ 1-0

[Event "19. Sahovski festival "]
[Site "Senta"]
[Date "2015.07.12"]
[Round "3.38"]
[White "Hiebert, Kenji"]
[Black "Farkas, Istvan"]
[Result "1-0"]
[WhiteElo "1796"]
[BlackElo "1578"]
[PlyCount "41"]
[EventDate "2015.07.11"]

1. e4 c5 2. Nf3 d6 3. d4 cxd4 4. Nxd4 Nf6 5. Nc3 e6 6. Be3 Be7 7. f3 O-O 8. Qd2
a6 9. g4 b5 10. g5 Nh5 11. O-O-O g6 12. Nce2 Bb7 13. Ng3 Nxg3 14. hxg3 Nc6 15.
Nxc6 Bxc6 16. Rh6 Kg7 17. Bd3 Rc8 18. Rxh7+ Kxh7 19. Qh2+ Kg7 20. Qh6+ Kg8 21.
Rh1 1-0

[Event "19. Sahovski festival "]
[Site "Senta"]
[Date "2015.07.12"]
[Round "3.39"]
[White "Skenderovic, Nikola"]
[Black "Farkas, Janos"]
[Result "0-1"]
[WhiteElo "1556"]
[BlackElo "1788"]
[PlyCount "58"]
[EventDate "2015.07.11"]

1. e4 Nf6 2. Nc3 Nc6 3. d4 d6 4. h3 e5 5. Nf3 exd4 6. Nxd4 Bd7 7. Bc4 Be7 8.
Be3 O-O 9. Qd2 Ne5 10. Bb3 c5 11. Nf3 Nxf3+ 12. gxf3 b5 13. Bd5 Rb8 14. O-O-O
Qa5 15. Kb1 b4 16. Ne2 Nxd5 17. exd5 Bf6 18. Rdg1 g6 19. h4 Rb6 20. h5 Ra6 21.
Nc1 Rb8 22. hxg6 fxg6 23. Bg5 Bc3 24. Qd1 b3 25. cxb3 Bf5+ 26. Ka1 c4 27. Rxh7
Kxh7 28. Rh1+ Kg8 29. Rh8+ Bxh8 0-1

[Event "19. Sahovski festival "]
[Site "Senta"]
[Date "2015.07.12"]
[Round "3.44"]
[White "Abel, Istvan"]
[Black "Radisic, Dragoljub"]
[Result "1-0"]
[WhiteElo "1714"]
[BlackElo "1384"]
[PlyCount "23"]
[EventDate "2015.07.11"]

1. e4 Nc6 2. f4 e5 3. Nf3 d6 4. Bc4 h6 5. O-O Nge7 6. fxe5 dxe5 7. c3 Ng6 8.
Bxf7+ Kxf7 9. Nxe5+ Ke8 10. Nxg6 Rg8 11. Qh5 Kd7 12. Qf5+ 1-0

[Event "19. Sahovski festival "]
[Site "Senta"]
[Date "2015.07.13"]
[Round "4.1"]
[White "Marjanovics, Annamaria"]
[Black "Atalik, Suat"]
[Result "0-1"]
[WhiteElo "2277"]
[BlackElo "2564"]
[PlyCount "76"]
[EventDate "2015.07.11"]

1. e4 c6 2. d4 d5 3. Nc3 dxe4 4. Nxe4 Bf5 5. Ng3 Bg6 6. h4 h6 7. Nf3 e6 8. Ne5
Bh7 9. Bd3 Bxd3 10. Qxd3 Nd7 11. f4 Bb4+ 12. Bd2 Bxd2+ 13. Qxd2 Ngf6 14. O-O-O
O-O 15. Rde1 c5 16. Nxd7 Qxd7 17. dxc5 Qa4 18. Kb1 Rfd8 19. Qf2 Rd5 20. Rd1
Rad8 21. Rxd5 Rxd5 22. Rc1 Qc4 23. Qf3 a5 24. b3 Qxc5 25. Ne4 Nxe4 26. Qxe4 Qf2
27. h5 b6 28. g4 Rd4 29. Qa8+ Kh7 30. g5 Rxf4 31. gxh6 gxh6 32. Qd8 Qd4 33. Qc7
a4 34. Qe7 b5 35. Re1 Qc3 36. Rc1 Rf5 37. Qf8 Qc5 38. Qe8 a3 0-1

[Event "19. Sahovski festival "]
[Site "Senta"]
[Date "2015.07.13"]
[Round "4.2"]
[White "Arsovic, Zoran"]
[Black "Stojkovska, Monika"]
[Result "1-0"]
[WhiteElo "2418"]
[BlackElo "2061"]
[PlyCount "57"]
[EventDate "2015.07.11"]

1. Nf3 c5 2. c4 Nc6 3. Nc3 Nd4 4. Ng1 Nc6 5. e3 Nf6 6. Nf3 e6 7. d4 d5 8. a3 a6
9. h3 dxc4 10. Bxc4 b5 11. Bd3 cxd4 12. exd4 Be7 13. O-O O-O 14. Re1 b4 15. Na4
Qa5 16. Be3 bxa3 17. bxa3 Bd7 18. Nc5 Bxc5 19. dxc5 e5 20. Bg5 Qxc5 21. Bxf6
gxf6 22. Bxh7+ Kxh7 23. Qxd7 Ne7 24. Rac1 Qxa3 25. Rc4 Rg8 26. Re3 Qa1+ 27. Kh2
Rae8 28. Rg4 Rgf8 29. Nxe5 1-0

[Event "19. Sahovski festival "]
[Site "Senta"]
[Date "2015.07.13"]
[Round "4.3"]
[White "Kumic, Filip"]
[Black "Nestorovic, Dejan"]
[Result "1/2-1/2"]
[WhiteElo "2253"]
[BlackElo "2408"]
[PlyCount "56"]
[EventDate "2015.07.11"]

1. d4 Nf6 2. c4 e6 3. Nf3 Bb4+ 4. Bd2 Qe7 5. g3 d5 6. Bg2 O-O 7. O-O dxc4 8.
Qc2 Nc6 9. Rd1 Rd8 10. Qxc4 a5 11. Nc3 Bd6 12. Bg5 h6 13. Bxf6 Qxf6 14. Ne4 Qe7
15. Nxd6 Qxd6 16. Qc5 Qxc5 17. dxc5 Rxd1+ 18. Rxd1 Kf8 19. Nd4 Nxd4 20. Rxd4
Ke7 21. Ra4 Ra7 22. b4 b6 23. f4 Bd7 24. Ra3 Bb5 25. Kf2 Bc4 26. Bc6 Ra6 27.
Bb7 Ra7 28. Bc6 Ra6 1/2-1/2

[Event "19. Sahovski festival "]
[Site "Senta"]
[Date "2015.07.13"]
[Round "4.4"]
[White "Vucinic, Gojko"]
[Black "Gabric, Goran"]
[Result "0-1"]
[WhiteElo "2328"]
[BlackElo "2164"]
[PlyCount "132"]
[EventDate "2015.07.11"]

1. e4 e5 2. Nf3 Nc6 3. Bc4 Be7 4. c3 Nf6 5. d3 O-O 6. O-O d6 7. Bb3 Be6 8. Bc2
Re8 9. Re1 Bf8 10. d4 Bg4 11. d5 Ne7 12. Ba4 Nd7 13. h3 Bh5 14. Nbd2 c6 15.
dxc6 bxc6 16. Nf1 Nb6 17. Bb3 Qc7 18. Ng3 Bxf3 19. Qxf3 Ng6 20. Bg5 c5 21. Rad1
c4 22. Bc2 h6 23. Be3 a5 24. Nf5 a4 25. h4 Re6 26. Qg4 Kh8 27. h5 Ne7 28. Qe2
Nd7 29. Rd2 Nxf5 30. exf5 Ree8 31. Be4 Ra5 32. Bd5 Nf6 33. Bxc4 d5 34. Bb5 Rb8
35. Bd3 a3 36. Bb1 Rab5 37. b3 Qxc3 38. Rc2 Qb4 39. Bd2 Qe4 40. Rc7 Qxe2 41.
Rxe2 Rc5 42. Rxf7 Rbc8 43. Re1 Kg8 44. Ra7 Nxh5 45. Rxa3 Rc2 46. Bxc2 Rxc2 47.
Ra8 Rxd2 48. Rxe5 Kf7 49. Kf1 Bb4 50. g3 Nf6 51. a3 Ra2 52. Ra7+ Kg8 53. Ra8+
Kh7 54. a4 h5 55. Re2 Ra1+ 56. Kg2 d4 57. Rd8 Bc3 58. Re6 Ra2 59. Kf1 Ng4 60.
Ree8 Rxf2+ 61. Kg1 Rxf5 62. b4 Bxb4 63. Rxd4 Bc5 64. Red8 Rf3 65. Kg2 Rf2+ 66.
Kh1 Rh2+ 0-1

[Event "19. Sahovski festival "]
[Site "Senta"]
[Date "2015.07.13"]
[Round "4.5"]
[White "Andrijevic, Milan"]
[Black "Meszaros, Bela"]
[Result "1-0"]
[WhiteElo "2268"]
[BlackElo "2206"]
[PlyCount "55"]
[EventDate "2015.07.11"]

1. e4 c5 2. Nf3 d6 3. d4 cxd4 4. Nxd4 Nf6 5. Nc3 a6 6. Be2 e6 7. O-O Be7 8. f4
Qc7 9. Kh1 O-O 10. Qe1 b5 11. Bf3 Bb7 12. e5 dxe5 13. fxe5 Nfd7 14. Qg3 Kh8 15.
Bf4 Nc5 16. a3 Nc6 17. Nxc6 Bxc6 18. Bg5 Bxg5 19. Qxg5 a5 20. Bxc6 Qxc6 21. Rf3
Ne4 22. Qg4 f5 23. exf6 Nxf6 24. Raf1 Rfb8 25. Qg5 Qd7 26. Qe5 b4 27. Ne4 Ng4
28. Qxb8+ 1-0

[Event "19. Sahovski festival "]
[Site "Senta"]
[Date "2015.07.13"]
[Round "4.6"]
[White "Scepanovic, Labud"]
[Black "Baglan, Esat"]
[Result "0-1"]
[WhiteElo "2172"]
[BlackElo "2257"]
[PlyCount "156"]
[EventDate "2015.07.11"]

1. g3 e5 2. Bg2 d5 3. c4 Nf6 4. cxd5 Nxd5 5. d3 Nc6 6. Nc3 Nb6 7. Nf3 Be7 8.
O-O O-O 9. a3 Be6 10. b4 f6 11. Bb2 a5 12. b5 Nd4 13. Nxd4 exd4 14. Na4 Bd5 15.
Nxb6 cxb6 16. Qa4 Bxg2 17. Kxg2 Qd5+ 18. Kg1 Bc5 19. Qc4 Qxc4 20. dxc4 Rfe8 21.
Rfd1 Rad8 22. Kf1 Kf7 23. Rd3 Rd6 24. Rad1 Red8 25. a4 Ke6 26. h4 R8d7 27. Kg2
Rd8 28. Kf3 Ke7 29. g4 R8d7 30. Bc1 Rd8 31. Bf4 R6d7 32. h5 Ke6 33. Ke4 Re7 34.
Bg3 Kf7+ 35. Kf3 Rde8 36. R3d2 g6 37. hxg6+ hxg6 38. Rc2 g5 39. Rdd2 Re4 40.
Kg2 Bb4 41. f3 Bxd2 42. fxe4 Bb4 43. Kf3 Ke6 44. Rc1 Rc8 45. Bf2 Bc3 46. e3 Bd2
47. Rc2 dxe3 48. Bxe3 Bxe3 49. Kxe3 Ke5 50. Rc1 Rh8 51. Rf1 Rh3+ 52. Ke2 Rc3
53. Rf5+ Ke6 54. e5 fxe5 55. Rxg5 Rxc4 56. Rg6+ Kd5 57. Rxb6 Rxg4 58. Rxb7 Rxa4
59. b6 Rb4 60. Rd7+ Ke4 61. b7 a4 62. Rh7 Rb2+ 63. Kd1 a3 64. Kc1 Rb6 65. Rh4+
Kf5 66. Rh5+ Kf4 67. Rh4+ Kg5 68. Ra4 Rxb7 69. Rxa3 Rd7 70. Rf3 e4 71. Rf8 Kg4
72. Kc2 e3 73. Rf6 e2 74. Re6 Kf3 75. Rf6+ Kg2 76. Rg6+ Kf1 77. Rf6+ Ke1 78.
Rc6 Rf7 0-1

[Event "19. Sahovski festival "]
[Site "Senta"]
[Date "2015.07.13"]
[Round "4.7"]
[White "Bratkovic, Sham"]
[Black "Farkas, Tibor"]
[Result "1/2-1/2"]
[WhiteElo "2152"]
[BlackElo "2251"]
[PlyCount "28"]
[EventDate "2015.07.11"]

1. b3 e5 2. Bb2 d6 3. Nc3 Nf6 4. d4 Nbd7 5. dxe5 dxe5 6. Nf3 c6 7. g3 Be7 8.
Bg2 O-O 9. O-O Re8 10. e3 Qc7 11. Qe2 Bf8 12. Nb1 a5 13. a3 Nc5 14. Nbd2 Bf5
1/2-1/2

[Event "19. Sahovski festival "]
[Site "Senta"]
[Date "2015.07.13"]
[Round "4.8"]
[White "Sahin, Ozgun"]
[Black "Bratkovic, Jakob"]
[Result "0-1"]
[WhiteElo "2106"]
[BlackElo "2212"]
[PlyCount "64"]
[EventDate "2015.07.11"]

1. d4 d5 2. Nc3 Nf6 3. Bg5 Nbd7 4. Qd2 c6 5. f3 e5 6. dxe5 Nxe5 7. e4 h6 8.
Bxf6 Qxf6 9. exd5 Bb4 10. O-O-O O-O 11. Nge2 cxd5 12. Qxd5 Be6 13. Qb5 Nc6 14.
a3 Ba5 15. Ne4 Qe7 16. Nf4 Ba2 17. Bd3 Bb6 18. Rhe1 Nd4 19. Nd5 Qd8 20. Ndf6+
gxf6 21. Qh5 Qc7 22. Qg4+ Kh8 23. Nc3 Be6 24. Qh4 Kg7 25. Ne4 f5 26. Nf6 Qd8
27. Nh5+ Kg6 28. Nf4+ Kh7 29. Qxd8 Raxd8 30. c3 Nb3+ 31. Kc2 Nc5 32. Nxe6 fxe6
0-1

[Event "19. Sahovski festival "]
[Site "Senta"]
[Date "2015.07.13"]
[Round "4.9"]
[White "Todorovic, Jovan"]
[Black "Lazov, Toni"]
[Result "1/2-1/2"]
[WhiteElo "2402"]
[BlackElo "2141"]
[PlyCount "57"]
[EventDate "2015.07.11"]

1. e4 c5 2. Nf3 d6 3. d4 Nf6 4. Nc3 cxd4 5. Nxd4 a6 6. Be2 e5 7. Nb3 Be6 8. f4
Qc7 9. g4 exf4 10. Bxf4 Nc6 11. g5 Nd7 12. Qd2 Nce5 13. O-O-O b5 14. Kb1 Rc8
15. h4 Be7 16. Nd5 Bxd5 17. exd5 O-O 18. Nd4 Rfe8 19. h5 Nb6 20. Rdg1 Nxd5 21.
c3 Nc4 22. Bxc4 Qxc4 23. g6 fxg6 24. hxg6 hxg6 25. Bg5 b4 26. cxb4 Nxb4 27. b3
Qd3+ 28. Qxd3 Nxd3 29. Bxe7 1/2-1/2

[Event "19. Sahovski festival "]
[Site "Senta"]
[Date "2015.07.13"]
[Round "4.10"]
[White "Csikos, Mihaly"]
[Black "Arsovic, Goran"]
[Result "0-1"]
[WhiteElo "2064"]
[BlackElo "2395"]
[PlyCount "146"]
[EventDate "2015.07.11"]

1. d4 Nf6 2. Nf3 g6 3. c4 Bg7 4. Nc3 d6 5. e4 O-O 6. h3 c5 7. d5 e6 8. Bd3 Na6
9. O-O e5 10. a3 Ne8 11. Bg5 f6 12. Bd2 f5 13. exf5 gxf5 14. Bc2 Qe7 15. Qc1
Kh8 16. Kh1 Bd7 17. Rb1 Nf6 18. Bg5 Qf7 19. Nh4 Ne8 20. Qe3 Bf6 21. Bxf6+ Qxf6
22. Nf3 Ng7 23. Nh2 Nh5 24. Ne2 Rae8 25. g4 fxg4 26. hxg4 Nf4 27. Ng3 Rg8 28.
Nf5 b5 29. b3 Nc7 30. Rbe1 Rg5 31. f3 Bxf5 32. Bxf5 Reg8 33. Rg1 bxc4 34. bxc4
Ne8 35. Bc2 h5 36. Rb1 R5g7 37. Rb8 Qh4 38. Qe4 Nh3 39. Qe3 Qf6 40. Rf1 Nf4 41.
Ba4 Qe7 42. Bxe8 Rxe8 43. Rxe8+ Qxe8 44. Qe4 hxg4 45. fxg4 Qf7 46. Rb1 Rh7 47.
Rb8+ Kg7 48. Rb2 Nxd5 49. Kg1 Nb6 50. Rf2 Qe7 51. Nf3 Rh6 52. g5 Rg6 53. Rh2
Qe6 54. Qh4 Kf7 55. Qh7+ Rg7 56. Qh5+ Ke7 57. Qh6 Qxh6 58. Rxh6 e4 59. Nd2
Rxg5+ 60. Kf2 Re5 61. Ke3 d5 62. Kf4 Re6 63. Rxe6+ Kxe6 64. cxd5+ Kxd5 65. Nxe4
Kd4 66. Nd6 a6 67. Nf5+ Kd3 68. Ke5 c4 69. Kd6 c3 70. Kc5 Nd7+ 71. Kd6 c2 72.
Kxd7 c1=Q 73. a4 Qf4 0-1

[Event "19. Sahovski festival "]
[Site "Senta"]
[Date "2015.07.13"]
[Round "4.11"]
[White "Jovanovic, Aleksandar D"]
[Black "Elez, Sinisa"]
[Result "1-0"]
[WhiteElo "2240"]
[BlackElo "2075"]
[PlyCount "85"]
[EventDate "2015.07.11"]

1. d4 d5 2. c4 e6 3. Nc3 Nf6 4. Bg5 Nbd7 5. e3 Be7 6. Nf3 O-O 7. Bd3 dxc4 8.
Bxc4 c5 9. O-O a6 10. a4 cxd4 11. exd4 h6 12. Bh4 Nb6 13. Bb3 Nbd5 14. Ne5 Nb4
15. Bg3 Bd7 16. Qe2 Bc6 17. Rad1 Bd5 18. Nxd5 Nfxd5 19. f4 Bh4 20. Qg4 Bxg3 21.
Qxg3 Ne7 22. Nxf7 Rxf7 23. Bxe6 Qd6 24. Bxf7+ Kxf7 25. Qb3+ Nbd5 26. Rde1 Rd8
27. Qxb7 Rb8 28. Qa7 Rxb2 29. f5 Qb4 30. Qxa6 Qxd4+ 31. Kh1 Rb6 32. Qa7 Qb4 33.
a5 Rb7 34. Qa6 Qb5 35. Qe6+ Kf8 36. a6 Ra7 37. Rb1 Nb4 38. f6 gxf6 39. Rxf6+
Ke8 40. Rbf1 Qxf1+ 41. Rxf1 Rxa6 42. Qf7+ Kd8 43. Rd1+ 1-0

[Event "19. Sahovski festival "]
[Site "Senta"]
[Date "2015.07.13"]
[Round "4.12"]
[White "Puhalo, Zdravko"]
[Black "Simonyi, Zoltan"]
[Result "0-1"]
[WhiteElo "2033"]
[BlackElo "2227"]
[PlyCount "136"]
[EventDate "2015.07.11"]

1. d4 c5 2. c3 Nf6 3. f4 b6 4. e3 Bb7 5. Nf3 g6 6. Bc4 Bg7 7. O-O O-O 8. Nbd2
d6 9. Re1 Nc6 10. Ng5 e6 11. Ndf3 Qe7 12. Bb5 Rfd8 13. Nh3 Rac8 14. Bd2 Ne4 15.
Nf2 Nxf2 16. Kxf2 Rc7 17. Rc1 Rdc8 18. Qe2 Nb8 19. Kg1 Qf6 20. h3 Qd8 21. Kh2
Nd7 22. e4 cxd4 23. cxd4 Nf6 24. Bd3 Qd7 25. Bb5 Qd8 26. Bd3 Rxc1 27. Rxc1 Rxc1
28. Bxc1 Qc7 29. Bd2 Qc6 30. e5 Nd5 31. Bc4 h6 32. h4 Qc7 33. Bd3 Kf8 34. Be4
Ke8 35. Bd3 Kd8 36. Ne1 Qe7 37. Kh3 Kc8 38. h5 g5 39. f5 dxe5 40. dxe5 exf5 41.
Bxf5+ Kb8 42. Nd3 a6 43. e6 fxe6 44. Qxe6 Qxe6 45. Bxe6 Kc7 46. Kg4 Kd6 47. Bf7
a5 48. b3 Nf6+ 49. Kh3 Be4 50. Nf2 Bb1 51. b4 a4 52. Be3 Nd5 53. Nd1 Bxa2 54.
Bxd5 Bxd5 55. Bc1 Kc6 56. Ne3 Be6+ 57. g4 Kb5 58. Ba3 Bc3 59. Kg3 Bxb4 60. Bb2
a3 61. Bg7 Bb3 62. Nf5 Kc4 63. Nxh6 Bc3 64. Nf5 Bxg7 65. Nxg7 a2 66. Ne6 a1=Q
67. Nxg5 Qe5+ 68. Kh4 Qf6 0-1

[Event "19. Sahovski festival "]
[Site "Senta"]
[Date "2015.07.13"]
[Round "4.13"]
[White "Vranic, Ljubomir"]
[Black "Lovas, Miklos"]
[Result "1/2-1/2"]
[WhiteElo "2213"]
[BlackElo "2029"]
[PlyCount "84"]
[EventDate "2015.07.11"]

1. d4 d5 2. c4 e6 3. Nc3 c5 4. cxd5 exd5 5. Nf3 Nc6 6. dxc5 d4 7. Ne4 Bf5 8.
Ng3 Bg6 9. a3 Bxc5 10. b4 Bb6 11. b5 Na5 12. Ne5 Qe7 13. Nxg6 hxg6 14. Qd3 Nf6
15. Bd2 Rc8 16. e4 dxe3 17. Bxe3 Ng4 18. Be2 Nxe3 19. fxe3 Bxe3 20. Ne4 Bf4 21.
g3 Be5 22. Rd1 O-O 23. O-O f5 24. Nf2 Rfd8 25. Qe3 b6 26. Rxd8+ Rxd8 27. Rd1
Rxd1+ 28. Bxd1 Qd6 29. Be2 Bd4 30. Qe8+ Kh7 31. Kg2 Bxf2 32. Kxf2 Qxa3 33. h4
Qc5+ 34. Kg2 Qd5+ 35. Bf3 Qd2+ 36. Kh3 Qf2 37. Bd5 Qf1+ 38. Bg2 Qd1 39. Qe6 Nb3
40. Bd5 Qf1+ 41. Kh2 Qf2+ 42. Kh3 Qf1+ 1/2-1/2

[Event "19. Sahovski festival "]
[Site "Senta"]
[Date "2015.07.13"]
[Round "4.14"]
[White "Nagy, Attila N"]
[Black "Nestorovic, Irena"]
[Result "1-0"]
[WhiteElo "2207"]
[BlackElo "2019"]
[PlyCount "57"]
[EventDate "2015.07.11"]

1. Nf3 Nf6 2. g3 e6 3. Bg2 d5 4. O-O Be7 5. c4 c6 6. d4 O-O 7. Nc3 Nbd7 8. Qc2
dxc4 9. Rd1 Nd5 10. a3 f5 11. e4 Nxc3 12. bxc3 Nb6 13. Ne5 Bd6 14. a4 a5 15.
Rb1 Ra6 16. Be3 Qe7 17. Bf1 fxe4 18. Nxc4 Bc7 19. Ne5 Ra8 20. c4 Qa3 21. Qxe4
Qxa4 22. Bd3 g6 23. Nxg6 Rf7 24. Ne5 Bxe5 25. dxe5 Nd7 26. Qg4+ Kf8 27. Qxe6
Qa3 28. Qh6+ Kg8 29. e6 1-0

[Event "19. Sahovski festival "]
[Site "Senta"]
[Date "2015.07.13"]
[Round "4.15"]
[White "Popov, Stevan"]
[Black "Sarnyai, Daniel"]
[Result "1-0"]
[WhiteElo "2153"]
[BlackElo "2007"]
[PlyCount "149"]
[EventDate "2015.07.11"]

1. e4 c5 2. Nf3 e6 3. b3 Qc7 4. Bb2 d6 5. Bb5+ Bd7 6. Bxd7+ Nxd7 7. O-O Ngf6 8.
Re1 e5 9. c3 Be7 10. d4 O-O 11. dxe5 Nxe5 12. c4 a6 13. Nc3 Rfe8 14. Qe2 Rad8
15. Rad1 Bf8 16. Rd2 Qe7 17. Nxe5 dxe5 18. Red1 Rxd2 19. Qxd2 Qe6 20. f3 h6 21.
Qe3 Qc6 22. Qe2 Kh8 23. g4 Qe6 24. h3 Qc6 25. Kg2 Kg8 26. Bc1 Re6 27. Nd5 b5
28. Be3 Nd7 29. Rc1 Re8 30. Nc3 Rb8 31. Nd5 Rb7 32. Qd2 Rb8 33. h4 Re8 34. Qa5
Rc8 35. Qe1 Re8 36. Qd2 Kh7 37. Qd3 Kg8 38. Rd1 Nb6 39. Nxb6 Qxb6 40. cxb5 Qxb5
41. Qxb5 axb5 42. a4 bxa4 43. bxa4 Ra8 44. Ra1 c4 45. a5 Ra6 46. Bb6 Bb4 47.
Ra4 Bd2 48. Kf1 c3 49. Ke2 f6 50. Kd1 Kf7 51. Kc2 Ke6 52. Bc5 Kd7 53. Bb4 Kc6
54. Bxc3 Bxc3 55. Kxc3 Kb5 56. Ra3 Rxa5 57. Rxa5+ Kxa5 58. Kc4 Ka4 59. h5 Ka3
60. Kd5 Kb3 61. Ke6 Kc3 62. Kf7 Kd3 63. Kxg7 Ke3 64. Kxf6 Kxf3 65. g5 hxg5 66.
Kxg5 Kxe4 67. h6 Kd3 68. h7 e4 69. h8=Q e3 70. Kf4 e2 71. Qd8+ Kc2 72. Qe7 Kd1
73. Qd6+ Ke1 74. Ke3 Kf1 75. Qd3 1-0

[Event "19. Sahovski festival "]
[Site "Senta"]
[Date "2015.07.13"]
[Round "4.17"]
[White "Markovic, Aleksandar"]
[Black "Slavic, Nikola"]
[Result "1-0"]
[WhiteElo "2133"]
[BlackElo "1948"]
[PlyCount "55"]
[EventDate "2015.07.11"]

1. e4 c5 2. Nf3 d6 3. d4 cxd4 4. Nxd4 Nf6 5. f3 Nc6 6. c4 Qb6 7. Nc2 g6 8. Nc3
Bg7 9. Rb1 O-O 10. Be3 Qc7 11. Be2 Be6 12. O-O Rac8 13. Rc1 Qd7 14. Qd2 Rfd8
15. b3 b6 16. Rfd1 Qb7 17. Nd5 Bxd5 18. cxd5 Ne5 19. Nb4 Rxc1 20. Rxc1 Rc8 21.
Ba6 Rxc1+ 22. Qxc1 Qd7 23. a4 Qd8 24. Qc8 Qxc8 25. Bxc8 Kf8 26. Nc6 Nxc6 27.
dxc6 Ke8 28. c7 1-0

[Event "19. Sahovski festival "]
[Site "Senta"]
[Date "2015.07.13"]
[Round "4.18"]
[White "Kaszas, Viktor"]
[Black "Ciric, Dragan"]
[Result "1-0"]
[WhiteElo "2017"]
[BlackElo "2125"]
[PlyCount "77"]
[EventDate "2015.07.11"]

1. e4 g6 2. d4 Bg7 3. c4 c5 4. Nf3 cxd4 5. Nxd4 Nc6 6. Nb3 Nh6 7. Nc3 f5 8. Bd3
O-O 9. Bxh6 Bxh6 10. exf5 Ne5 11. fxg6 hxg6 12. Be4 e6 13. O-O Qg5 14. Qe2 Rb8
15. Nd4 Ng4 16. Bf3 Nxh2 17. Kxh2 Qh4+ 18. Kg1 Qxd4 19. Rad1 Qg7 20. Nb5 Bf4
21. g3 Be5 22. b3 a6 23. Nd6 Bxd6 24. Rxd6 Rf7 25. Kg2 Qf8 26. Qd3 Rf6 27. Be4
Kg7 28. Qd2 b6 29. Rh1 Qg8 30. Qh6+ Kf7 31. Qd2 Ke7 32. Rd1 Qe8 33. Qd4 b5 34.
c5 Rb7 35. c6 Rc7 36. Rh1 Qf7 37. Rd1 Kd8 38. Qb6 e5 39. cxd7 1-0

[Event "19. Sahovski festival "]
[Site "Senta"]
[Date "2015.07.13"]
[Round "4.19"]
[White "Dermisek, Stipa"]
[Black "Nestorovic, Katarina"]
[Result "1-0"]
[WhiteElo "2077"]
[BlackElo "1820"]
[PlyCount "43"]
[EventDate "2015.07.11"]

1. e4 c5 2. Nf3 e6 3. d3 d6 4. g3 Nf6 5. Bg2 Be7 6. O-O O-O 7. Nbd2 Nc6 8. Re1
Qc7 9. Nf1 Nd7 10. c3 b5 11. Ne3 Nde5 12. d4 Nxf3+ 13. Bxf3 cxd4 14. cxd4 Bf6
15. e5 dxe5 16. Ng4 Be7 17. Bd2 Bb7 18. Rc1 Qd7 19. Bxc6 Bxc6 20. Nxe5 Qxd4 21.
Nxc6 Qd6 22. Bb4 1-0